Statistics for Words that End in "-umble"

Click here to take the quiz!

General Stats

  • This quiz has been taken 139 times
  • The average score is 9 of 10

Answer Stats

Answer% Correct
Humble
94%
Fumble
92%
Tumble
92%
Bumble
91%
Rumble
90%
Mumble
88%
Jumble
87%
Crumble
83%
Grumble
79%
Stumble
79%

Score Distribution

Percentile by Number Answered

Percent of People with Each Score

Your Score History

You have not taken this quiz